000 00538nam a2200205Ia 4500
003 GCL
008 140319s9999 xx 000 0 ara d
040 _aGCL /
_cGCL
082 0 4 _a814.008
_bج ق
100 1 _aجمال بدوى
245 1 0 _aقطايف /
_cجمال بدوى
700 1 _aجمال بدران
300 _a111
490 _aكتاب
_v0
650 0 4 _aالادب العربى
650 0 4 _aالقصص العربية
650 0 4 _aالمقالات العربية
650 0 4 _aجمال بدوى
942 _2ddc
_cBK
999 _c42874
_d42874